Statistics for 100 Longest Rivers in Europe - with a Map

Click here to take the quiz!

General Stats

  • This quiz has been taken 9,891 times
  • The average score is 18 of 100

Answer Stats

Length River % Correct
346 kmThames
92%
2,845 kmDanube
92%
1,233 kmRhine
88%
3,530 kmVolga
83%
777 kmSeine
82%
652 kmPo
67%
812 kmRhône
62%
405 kmTiber
59%
1,012 kmLoire
56%
1,094 kmElbe
51%
2,285 kmDnepr
47%
1,870 kmDon
42%
866 kmOder
39%
1,047 kmVistula
39%
354 kmSevern
36%
525 kmMain
33%
910 kmEbro
31%
1,007 kmTajo
31%
370 kmShannon
29%
647 kmGaronne
25%
874 kmMeuse
25%
897 kmDouro
24%
545 kmMoselle
24%
1,352 kmDnestr
22%
2,428 kmUral
21%
519 kmInn
19%
430 kmVltava
19%
451 kmWeser
18%
657 kmGuadalquivir
17%
514 kmMarne
17%
945 kmSava
16%
380 kmSpree
16%
473 kmSaône
15%
937 kmNeman
14%
483 kmDordogne
14%
857 kmSouthern Bug
13%
710 kmDrava
13%
1,020 kmWestern Dvina
13%
371 kmEms
13%
362 kmNeckar
13%
360 kmSchelde
13%
464 kmMur
12%
818 kmGuadiana
12%
774 kmBug
12%
1,419 kmTisza
12%
415 kmAdige
11%
744 kmNorthern Dvina
10%
470 kmUme
10%
989 kmPrut
10%
470 kmTorne
10%
485 kmLot
10%
795 kmWarta
10%
601 kmGlomma
10%
388 kmVardar
9%
503 kmMoskva
9%
450 kmLule
9%
1,480 kmOka
9%
381 kmTarn
9%
413 kmSaale
8%
368 kmCher
8%
525 kmMariza
8%
542 kmDalälven
8%
1,805 kmKama
8%
1,802 kmPechora
8%
550 kmKemijoki
8%
1,053 kmDonets
8%
461 kmKalix
7%
363 kmVienne
7%
453 kmDoubs
7%
498 kmJúcar
7%
615 kmOlt
7%
400 kmPite
7%
410 kmSkellefte
6%
761 kmPripyat
6%
415 kmStruma
6%
1,130 kmDesna
6%
789 kmMureș
6%
966 kmMesen
6%
1,430 kmBelaya
6%
416 kmOnega
6%
490 kmÅngermanälven
6%
421 kmAllier
6%
460 kmKlarälven
6%
439 kmLjusnan
6%
399 kmLjungan
5%
1,130 kmVychegda
5%
430 kmIndalsälven
5%
445 kmVindel
4%
417 kmIalomița
4%
748 kmSejm
4%
841 kmSura
3%
979 kmKhopyor
3%
779 kmPinega
3%
451 kmTsna
3%
456 kmMologa
3%
1,314 kmVyatka
3%
430 kmVelikaya
3%
530 kmLovat
3%
445 kmMsta
3%
426 kmUnzha
2%

Score Distribution

Percentile by Number Answered

Percent of People with Each Score

Your Score History

You have not taken this quiz